00656nam a2200181 a 450000100100000000500170001000800410002702000150006804000250008324500520010826000610016030000210022150000730024250400280031504900090034395201050035299900170045700003644320200930075732.0120117s1985 ch 000 0 spa d a9187134004 aDO-SdBNPbspacBNPHU00aChile, 1973-1984 / :bRigoberto García (ed.). aStockholm :bInstitute of Latin American Studies,c1985. a223 p. ;c23 cm. aIncluye referencias bibliográficas y notas al pie de las páginas aBibliografía : p. 223 aBNPD 001050718MOaGRbGRcCTd2012-01-17iLF1l0o p36444-10r2020-06-25w2020-06-25y1ZNo se presta c35934d35934